| 000 | 00000nam##2200000za#4500 |
| 001 | 9.608233 |
| 003 | CaOODSP |
| 005 | 20240612102652 |
| 007 | cr ||||||||||| |
| 008 | 150406|2014||||xxc|||||o f|0| 0 fre|d |
| 040 | |aCaOODSP|bfre |
| 043 | |an-cn--- |
| 086 | 1 |aRv55-5/13-4-12-2014F-PDF |
| 110 | 2 |aAgence des services frontaliers du Canada. |
| 245 | 10|aCommissions et frais de courtage |h[ressource électronique] |
| 260 | |aOttawa - Ontario : |bAgence des services frontaliers du Canada |
| 300 | |a3p. |
| 490 | 1 |aMémorandums D des douanes. D13, Établissement des valeurs |vD13-4-12, le 24 novembre 2014 |
| 500 | |aCeci annule le mémorandum D : D13-4-12 daté le 13 juin 2008 |
| 590 | |a15-03|b2015-01-16 |
| 775 | 08|tCommissions and brokerage |w(CaOODSP)9.581401 |
| 830 | #0|aMémorandums D des douanes. D13, Établissement des valeurs ;|vD13-4-12, le 24 novembre 2014|w(CaOODSP)9.816826 |
| 856 | 40|ahttp://publications.gc.ca|qPDF|s51 Ko|uhttps://publications.gc.ca/collections/collection_2015/asfc-cbsa/Rv55-5-13-4-12-2014-fra.pdf|yD13-4-12, le 24 novembre 2014 |